[Event "2nd 3-0 Thu 12th Mar 2026"]
[Site "chess.com INT"]
[Date "2026.03.12"]
[Round "11"]
[White "Maghsoodloo, Parham"]
[Black "Duda, J."]
[Result "1-0"]
[WhiteElo "2708"]
[BlackElo "2739"]
[PlyCount "83"]
[EventDate "2026.03.12"]

1. c4 e6 2. Nc3 d5 3. d4 a6 4. cxd5 exd5 5. Bf4 Nf6 6. e3 Bd6 7. Bg5 Be6 8. Bd3 Nbd7 9. Nf3 ({RR} 9. f4 h6 10. Bh4 g5 11. fxg5 hxg5 12. Bxg5 c6 13. Qf3 Be7 14. Nge2 Qb6 15. O-O-O c5 16. Bc2 O-O-O 17. Nf4 Bg4 18. Nfxd5 Nxd5 19. Nxd5 Bxf3 20. Nxb6+ Nxb6 21. Bxe7 Bxd1 22. Bf5+ {1-0 (22) Carlsen,M (2855)-Mamedyarov,S (2762) chess24.com INT 2021}) 9... h6 10. Bf4 Qe7 11. O-O O-O $146 ({RR} 11... Bg4 12. h3 Bxf3 13. Qxf3 Bxf4 14. exf4 O-O-O 15. a3 Nb6 16. Rfe1 Qd6 17. Rac1 Kb8 18. Rc2 Rhe8 19. Rec1 Re7 20. Nd1 Rde8 21. Ne3 g6 22. b4 Ne4 23. Bxe4 dxe4 24. Qg3 f5 25. d5 Rf8 26. Qh4 {Supi,L (2581)-Grandelius,N (2666) chess.com INT 2026 0-1 (58)}) 12. h3 Rae8 13. Re1 c5 14. dxc5 Nxc5 15. Bxd6 Qxd6 16. Nd4 Rc8 17. Rc1 Rfd8 18. Re2 Bd7 19. Rec2 g6 20. Be2 Kg7 21. Bf3 Be6 22. Nce2 Nce4 23. Nf4 Bd7 24. Bxe4 Nxe4 25. Nde2 Nf6 26. Rxc8 Rxc8 27. Rxc8 Bxc8 28. Qd4 g5 29. Nh5+ Kg6 30. Nxf6 Qxf6 31. Qb4 a5 32. Qb3 Qc6 33. Nd4 Qc1+ 34. Kh2 Qc7+ 35. g3 Qc5 36. Qa4 Qc1 37. Qb5 Kg7 38. g4 Qd2 39. Kg2 Qc1 40. Qxa5 Qxb2 41. Qxd5 b6 42. Qc6 1-0

[Event "1st 3-0 Thu 7th May 2026"]
[Site "chess.com INT"]
[Date "2026.05.07"]
[Round "8"]
[White "Lazavik, Denis"]
[Black "Xiong, Jeffery"]
[Result "1-0"]
[WhiteElo "2621"]
[BlackElo "2656"]
[PlyCount "87"]
[EventDate "2026.05.07"]

1. d4 d5 2. c4 e6 3. Nc3 Bb4 4. cxd5 exd5 5. a3 Bxc3+ 6. bxc3 Nf6 7. e3 Bf5 8. f3 h5 9. Ne2 c5 ({RR} 9... h4 10. Ra2 Nc6 11. Nf4 g5 12. Nd3 Qd6 13. Qb3 O-O-O 14. Nc5 Na5 15. Qa4 b6 16. Rb2 Rde8 17. Ba6+ Kd8 18. Qxa5 bxa5 19. Nb7+ Kd7 20. Nxd6 Kxd6 21. O-O Bg6 22. c4 Rb8 23. cxd5 Rxb2 24. Bxb2 {Le,Q (2731)-Wei Yi (2753) Hong Kong HKG 2026 1-0 (58)}) 10. Ng3 Bg6 11. Bd3 h4 $146 ({RR} 11... Bxd3 12. Qxd3 c4 13. Qc2 h4 14. Ne2 Qe7 15. O-O Nc6 16. e4 dxe4 17. Bg5 exf3 18. Rxf3 O-O-O 19. Bxf6 gxf6 20. Nf4 Qd6 21. Rb1 Qxa3 22. Qf5+ Kb8 23. Qxf6 Rc8 24. Nd5 Qa2 25. Qf5 Rhd8 26. Rf2 {Adhiban,B (2670)-Batsiashvili,N (2472) Douglas 2017 1-0 (40)}) 12. Ne2 Bxd3 13. Qxd3 Nc6 14. O-O Qe7 15. Bb2 h3 16. g4 O-O-O 17. Ng3 g6 18. a4 c4 19. Qd2 Na5 20. Ba3 Qe6 21. Rae1 Nb3 22. Qc2 Rhe8 23. Qd1 Qc6 24. Bc1 Re6 25. g5 Nh7 26. e4 Qxa4 27. Bf4 Qa5 28. Qc2 b6 29. Re2 Kb7 30. Rfe1 Rde8 31. Re3 Ka8 32. Qf2 Nf8 33. Qf1 Qb5 34. Qxh3 a5 35. Qg2 Kb7 36. Be5 Nd7 37. f4 dxe4 38. Nxe4 Ka6 39. Nd6 Rxd6 40. Bxd6 Rc8 41. Re8 Rc6 42. R1e7 Nxd4 43. cxd4 Qb1+ 44. Re1 1-0

[Event "Titled Tue 12th May 2026"]
[Site "chess.com INT"]
[Date "2026.05.12"]
[Round "7"]
[White "Indjic, A."]
[Black "Tabatabaei, M."]
[Result "1-0"]
[WhiteElo "2602"]
[BlackElo "2714"]
[PlyCount "75"]
[EventDate "2026.05.12"]

1. d4 d5 2. c4 e6 3. Nc3 a6 4. cxd5 exd5 5. Bf4 Nf6 6. e3 Bd6 7. Bg3 Bf5 ({RR} 7... O-O 8. Bd3 Re8 9. Qc2 Nc6 10. Be2 Nb4 11. Qb3 c5 12. Bxd6 Qxd6 13. dxc5 Qxc5 14. Nf3 Be6 15. Nd4 Nc6 16. Rd1 Nxd4 17. Rxd4 Ne4 18. Bf3 Rac8 19. O-O Nxc3 20. bxc3 b5 21. Rc1 Red8 22. Qd1 {Nakamura,H (2736)-Le,Q (2709) chess24.com INT 2021 ½-½ (93)}) 8. Bh4 $146 ({RR} 8. Bd3 Bxd3 9. Qxd3 Bxg3 10. hxg3 c6 11. Nge2 Nbd7 12. O-O-O Qe7 13. Nf4 O-O-O 14. Qc2 Kb8 15. Kb1 h5 16. Rc1 Rc8 17. Nd3 Ne4 18. Nxe4 Qxe4 19. Nf4 Nf6 20. Qxe4 Nxe4 21. Rc2 g5 22. Nd3 Rh6 {Jakobsen,P (2194)-Ahlander,B (2363) Denmark 2022 0-1 (52)}) ({RR} 8. Bd3 Bxd3 9. Qxd3 Bxg3 10. hxg3 c6 11. g4 Qe7 12. f3 g6 13. Nge2 Nbd7 14. O-O-O O-O-O 15. Nf4 h5 16. gxh5 g5 17. Nfe2 Nxh5 18. g4 Ng7 19. Ng3 Kb8 20. Kb1 Nb6 21. b3 Nc8 22. Nf5 Nxf5 {Vasquez Schroeder,R (2438)-Grandelius,N (2666) chess.com INT 2026 0-1 (39)}) ({RR} 8. Bd3 Bxd3 9. Qxd3 O-O 10. Nge2 c6 11. O-O Bxg3 12. Nxg3 Re8 13. f3 Qb6 14. b3 Nbd7 15. Rad1 Rad8 16. Kh1 Nf8 17. Na4 Qb5 18. Qc3 a5 19. a3 Re7 20. Nf5 Rc7 21. Nc5 Ne6 22. a4 Qb6 {Hansen,E (2609)-Kazakouski,V (2539) chess.com INT 2022 1-0 (56)}) 8... c6 9. f3 Be7 10. Bd3 Bxd3 11. Qxd3 O-O 12. Nge2 Re8 13. O-O Nbd7 14. Bf2 Bf8 15. h3 a5 16. Rad1 Qb6 17. Qc2 g6 18. e4 Qa6 19. e5 Nh5 20. g4 Ng7 21. f4 f6 22. Bh4 Be7 23. f5 gxf5 24. gxf5 b5 25. e6 Nb6 26. Ng3 Kh8 27. Kh1 Rg8 28. Nce2 Nc4 29. Rf3 Nd6 30. Qc1 Nge8 31. Qh6 Ne4 32. Nxe4 dxe4 33. Rg3 Rxg3 34. Nxg3 b4 35. Qh5 Nd6 36. Qh6 Rf8 37. Nh5 Ne8 38. Nf4 1-0

[Event "23rd Karpov Int."]
[Site "Khanty-Mansiysk RUS"]
[Date "2026.04.11"]
[Round "2.1"]
[White "Gledura, B."]
[Black "Sadhwani, Raunak"]
[Result "1-0"]
[WhiteElo "2624"]
[BlackElo "2642"]
[PlyCount "39"]
[EventDate "2026.04.11"]

1. d4 d5 2. c4 e6 3. Nc3 a6 4. cxd5 exd5 5. Nf3 c6 6. Qb3 Nf6 7. Bg5 Be7 8. e3 O-O 9. Bd3 Nbd7 10. O-O Re8 11. Rac1 ({RR} 11. Rae1 Nf8 12. Bxf6 Bxf6 13. e4 dxe4 14. Nxe4 Ne6 15. Nxf6+ Qxf6 16. Re5 Rf8 17. Rfe1 g6 18. Qb4 a5 19. Qa3 Bd7 20. Bc4 Kg7 21. h3 b5 22. Bf1 Rfd8 23. R1e4 Be8 24. Qe3 Rd6 25. h4 h5 {Eljanov,P (2693)-Ponomariov,R (2726) Kharkov 2009 ½-½ (55)}) 11... Ne4 $146 ({RR} 11... Nf8 12. Ne5 N6d7 13. Bxe7 Qxe7 14. Nxd7 Nxd7 15. e4 dxe4 16. Nxe4 Nf6 17. Ng5 h6 18. Nf3 Be6 19. Bc4 Bxc4 20. Qxc4 Rad8 21. Qb3 Nd5 22. Rfe1 Qd7 23. Ne5 Qc8 24. Re4 f6 25. Rce1 fxe5 26. dxe5 {Andreikin,D (2729)-Papasimakopoulos,A (2402) chess.com INT 2024 0-1 (66)}) ({RR} 11... Nf8 12. Na4 Bd6 13. Bh4 Ng6 14. Bg3 Bxg3 15. hxg3 Rb8 16. Qb6 Qe7 17. Bxg6 hxg6 18. Ne5 Qd6 19. Qc5 Qe6 20. Qa7 Qd6 21. Rxc6 bxc6 22. Qxf7+ Kh8 23. Rc1 Rxe5 24. dxe5 Qxe5 25. Rxc6 Bd7 26. Rxf6 {Gontcharov,V (2421)-Papasimakopoulos,A (2348) chess.com INT 2026 1-0 (47)}) ({RR} 11... Nf8 12. Ne5 N6d7 13. Bxe7 Qxe7 14. Nxd7 Nxd7 15. e4 dxe4 16. Nxe4 Nf6 17. Ng5 h6 18. Nf3 Be6 19. Bc4 Bxc4 20. Qxc4 Rad8 21. Qb3 Nd5 22. Rfe1 Qd7 23. Ne5 Qc8 24. Re4 f6 25. Rce1 fxe5 26. dxe5 {Andreikin,D (2729)-Papasimakopoulos,A (2402) chess.com INT 2024 0-1 (66)}) 12. Bf4 Nxc3 13. bxc3 b5 14. e4 Bb7 15. exd5 cxd5 16. a4 Bc6 17. axb5 axb5 18. Qb1 Nf6 19. Ne5 Qc7 20. Bg3 1-0

[Event "Titled Tue 7th Apr 2026"]
[Site "chess.com INT"]
[Date "2026.04.07"]
[Round "6"]
[White "Andreikin, D."]
[Black "Henriquez Villagra, C."]
[Result "1-0"]
[WhiteElo "2710"]
[BlackElo "2603"]
[PlyCount "47"]
[EventDate "2026.04.07"]

1. d4 d5 2. c4 e6 3. Nc3 c6 4. e3 Nd7 5. Bd2 ({RR} 5. Qc2 Nh6 6. e4 e5 7. Nf3 exd4 8. Nxd4 dxc4 9. Nf3 b5 10. a4 Bb4 11. Be2 Nc5 12. Bxh6 gxh6 13. O-O O-O 14. axb5 Bxc3 15. Qxc3 cxb5 16. Qe5 Qb6 17. Rfd1 f6 18. Qf4 Bb7 19. Rd6 Qc7 {Bacrot,E (2718)-Grischuk,A (2810) Beijing 2014 0-1 (40)}) ({RR} 5. Qc2 f5 6. cxd5 cxd5 7. Nf3 Bd6 8. Bd3 Ngf6 9. O-O O-O 10. b3 Ne4 11. Nb5 Bb8 12. Ba3 Rf6 13. Rac1 Nb6 14. Nc7 Bxc7 15. Qxc7 Qxc7 16. Rxc7 Rf7 17. Rfc1 Nf6 18. Rxf7 Kxf7 19. Ne5+ Kg8 {Sheehan,E (2321)-Daneshvar,B (2597) chess.com INT 2026 1-0}) ({RR} 5. Qc2 Bd6 6. Nf3 f5 7. cxd5 cxd5 8. Nb5 Bb8 9. Bd2 a6 10. Rc1 Ne7 11. Nc7+ Bxc7 12. Qxc7 Qxc7 13. Rxc7 Kd8 14. Rc2 Nc6 15. Bd3 Ke7 16. Ke2 Nf6 17. Ne5 Bd7 18. f3 Rhc8 19. Rhc1 Nxe5 {Bok,B (2589)-Henriquez Villagra,C (2603) chess.com INT 2026 ½-½ (53)}) 5... Bd6 $146 ({RR} 5... f5 6. Bd3 Nh6 7. cxd5 cxd5 8. Rc1 Bd6 9. Nge2 O-O 10. Nb5 Bb8 11. Bb4 Re8 12. Nd6 Bxd6 13. Bxd6 Nf7 14. Bc7 Qf6 15. O-O Ng5 16. Nf4 b6 17. Bb5 a6 18. Bc6 Ra7 19. Bxb6 Nxb6 20. Bxe8 {Sovina,M (1740)-Mihailova,A (1579) Prague 2016 1-0 (42)}) ({RR} 5... f5 6. g4 Nh6 7. g5 Qxg5 8. e4 Qe7 9. Bxh6 gxh6 10. Qh5+ Qf7 11. Qxf7+ Kxf7 12. exd5 exd5 13. cxd5 cxd5 14. Nf3 Bd6 15. O-O-O Re8 16. Nxd5 Nf6 17. Nxf6 Kxf6 18. Bb5 Re4 19. Rhe1 Be6 20. Kb1 {Schneider Zinner,H (2365)-Lautner,J (2245) Aschach 2005 1-0 (47)}) 6. c5 Bc7 7. f4 g5 8. Nf3 g4 9. Ne5 Nxe5 10. fxe5 Qg5 11. e4 Qg7 12. Bd3 f6 13. exf6 Nxf6 14. e5 Nd7 15. O-O b6 16. b4 a5 17. b5 Bb7 18. bxc6 Bxc6 19. Bb5 Nb8 20. Rf6 Kd7 21. Bh6 Qg8 22. Qa4 bxc5 23. Raf1 Ra6 24. Rf7+ 1-0

[Event "Titled Tue 7th Apr 2026"]
[Site "chess.com INT"]
[Date "2026.04.07"]
[Round "6"]
[White "Sarana, A."]
[Black "Le, Quang Liem"]
[Result "1-0"]
[WhiteElo "2658"]
[BlackElo "2731"]
[PlyCount "115"]
[EventDate "2026.04.07"]

1. d4 d5 2. c4 e6 3. Nc3 Be7 4. cxd5 exd5 5. Bf4 c6 6. Qc2 Nf6 7. e3 Nh5 8. Be5 Nd7 9. Nf3 Nxe5 10. Nxe5 g6 11. Bd3 O-O 12. O-O $146 ({RR} 12. g4 Ng7 13. h3 c5 14. O-O-O c4 15. Be2 f6 16. Nf3 b5 17. Nxb5 Qa5 18. Nc3 Rb8 19. Kd2 Bd7 20. Rb1 Bb4 21. Rhc1 Ba4 22. b3 cxb3 23. axb3 Rfc8 24. bxa4 Rxc3 25. Kd1 Rxc2 {0-1 (25) Krush,I (2402)-Hong,A (2587) Saint Louis USA 2026}) 12... f6 13. Nf3 Bg4 14. Nd2 Be6 15. f4 f5 16. Nf3 Rc8 17. Rad1 Bd6 18. Ne5 Nf6 19. Qf2 c5 20. h3 Qe7 21. Nb5 Bb8 22. dxc5 Rxc5 23. Nd4 Bc8 24. Nef3 Bd7 25. Rfe1 Rfc8 26. Qh4 Bd6 27. a3 Ba4 28. Rb1 Ne4 29. Qxe7 Bxe7 30. Ne5 Nd2 31. Ra1 Bf6 32. Ne6 Bxe5 33. Nxc5 Rxc5 34. fxe5 Nb3 35. Rad1 Kf7 36. g4 fxg4 37. hxg4 Ke6 38. Rf1 Rc7 39. Be2 Rc2 40. Rf2 Nc5 41. Rd4 Rxb2 42. g5 Kxe5 43. Rxd5+ Kxd5 44. Bf3+ Kc4 45. Rxb2 b5 46. Rh2 a5 47. Rxh7 b4 48. axb4 axb4 49. Rh4+ Kc3 50. Bd5 Bb5 51. Rh8 b3 52. Rc8 b2 53. Rxc5+ Kb4 54. Rxb5+ Kxb5 55. Be4 Kc5 56. Bxg6 Kd5 57. Kf2 Ke5 58. Bb1 1-0

[Event "Chess.com Open PlayIn4"]
[Site "chess.com INT"]
[Date "2026.03.25"]
[Round "5"]
[White "Aronian, L."]
[Black "Bluebaum, M."]
[Result "1-0"]
[WhiteElo "2729"]
[BlackElo "2698"]
[PlyCount "133"]
[EventDate "2026.03.25"]

1. c4 e6 2. Nc3 d5 3. d4 Bb4 4. cxd5 exd5 5. Bf4 c5 6. e3 c4 ({RR} 6... Nf6 7. Bd3 cxd4 8. exd4 O-O 9. Nge2 Nc6 10. O-O Bg4 11. Qb3 Bxc3 12. Nxc3 Nxd4 13. Qxb7 Ne6 14. Bg3 Nc5 15. Qb5 Rc8 16. Be2 d4 17. Bxg4 Nxg4 18. Rad1 Ne6 19. Ne4 Qb6 20. Qe2 Nh6 21. Nd6 {Abdusattorov,N (2771)-Praggnanandhaa,R (2779) Zagreb CRO 2025 1-0 (42)}) 7. a3 $146 ({RR} 7. Bxb8 Bxc3+ 8. bxc3 Rxb8 9. Qa4+ Bd7 10. Qxa7 Nf6 11. Qa3 Ra8 12. Qb2 O-O 13. g3 Bf5 14. Bg2 Bd3 15. Ne2 Qa5 16. a4 b5 17. Nf4 Be4 18. O-O Bxg2 19. axb5 Bxf1 20. Rxa5 Rxa5 21. Kxf1 Rb8 {Aradhya,G (2236)-Iljin,T (2299) Chess.com INT 2022 ½-½}) ({RR} 7. Bxb8 Bxc3+ 8. bxc3 Rxb8 9. Nf3 Nf6 10. Be2 O-O 11. O-O Qa5 12. Qc2 Ne4 13. Rfc1 Bf5 14. Qb2 b5 15. a3 Rfe8 16. Nd2 Qb6 17. Bf3 Nf6 18. h3 a5 19. Nf1 Qd6 20. Ng3 Bg6 21. Qd2 h6 {Vershinin,I (2325)-Xiong,J (2656) chess.com INT 2026 0-1 (39)}) ({RR} 7. Nge2 Nc6 8. a3 Ba5 9. h3 Nf6 10. g4 h6 11. Bg2 O-O 12. O-O Be6 13. b4 Bc7 14. Bxc7 Qxc7 15. Nf4 Qd6 16. Qf3 Ne7 17. e4 dxe4 18. Nxe4 Nxe4 19. Qxe4 b5 20. Nxe6 fxe6 21. Qe5 Qxe5 {Olhovik,A (2275)-Bluebaum,M (2679) chess.com INT 2026 ½-½ (110)}) ({RR} 7. Nf3 Nf6 8. Be2 Ne4 9. Rc1 Qa5 10. Kf1 Bxc3 11. bxc3 O-O 12. Qc2 Bf5 13. Qb2 Nc6 14. Ne5 g5 15. Bg3 f6 16. Nf3 b5 17. Nd2 Nxg3+ 18. hxg3 Rab8 19. a3 Qc7 20. Bf3 Rfd8 21. e4 Be6 {Abdusattorov,N (2766)-Bluebaum,M (2643) chess.com INT 2025 1-0 (46)}) 7... Ba5 8. b4 cxb3 9. Qxb3 Nf6 10. Bd3 O-O 11. Nge2 Nc6 12. O-O h6 13. Rfc1 Bb6 14. Bg3 Na5 15. Qa2 Be6 16. Nf4 Rc8 17. Bh4 g5 18. Nxe6 fxe6 19. Bg3 Bc7 20. Bxc7 Rxc7 21. Ne2 Rff7 22. h3 Qd6 23. Ng3 Rxc1+ 24. Rxc1 Rc7 25. Qb1 Rxc1+ 26. Qxc1 Qc6 27. Qb1 Kg7 28. h4 Nc4 29. Be2 Nd6 30. Bh5 Nde4 31. hxg5 hxg5 32. f3 Qc7 33. Nf1 Nxh5 34. fxe4 dxe4 35. Qxe4 Qf7 36. Nd2 b6 37. Nf3 Kh6 38. Qa8 g4 39. Ne5 Qf5 40. e4 Qh7 41. Qf8+ Qg7 42. Qe8 Nf4 43. Kf2 Nd3+ 44. Nxd3 Qxd4+ 45. Ke2 Qxe4+ 46. Kd2 Qxg2+ 47. Kc3 Qd5 48. Qf8+ Kg5 49. Qe7+ Kf5 50. Qf7+ Kg5 51. Qe7+ Kf5 52. Qh7+ Kg5 53. Qg8+ Kf5 54. Qf7+ Kg5 55. Qf4+ Kh5 56. Qh2+ Kg5 57. Qd2+ Kf5 58. Qf4+ Kg6 59. Ne5+ Kg7 60. Qxg4+ Kf6 61. Qf4+ Ke7 62. Nc4 Qc5 63. a4 Kd7 64. Qf7+ Qe7 65. Ne5+ Kd6 66. Qf4 Kd5 67. Qd4# 1-0

[Event "Titled Tue 10th Mar 2026"]
[Site "chess.com INT"]
[Date "2026.03.10"]
[Round "3"]
[White "Carlsen, M."]
[Black "Svane, R."]
[Result "1-0"]
[WhiteElo "2840"]
[BlackElo "2609"]
[PlyCount "119"]
[EventDate "2026.03.10"]

1. d4 d5 2. c4 e6 3. Nc3 a6 4. cxd5 exd5 5. h3 c6 6. Bf4 ({RR} 6. Qc2 g6 7. Bf4 Bd6 8. Bxd6 Qxd6 9. Qb3 Nd7 10. e3 Ne7 11. Bd3 a5 12. Nge2 Qb4 13. Qc2 Nf6 14. Ng3 h5 15. a3 Qd6 16. e4 dxe4 17. Ncxe4 Nxe4 18. Nxe4 Qxd4 19. O-O-O O-O 20. Bc4 Qe5 {Devaev,A (2306)-Papasimakopoulos,A (2387) chess.com INT 2025 0-1 (38)}) 6... Bd6 7. Bxd6 Qxd6 8. Qb3 $146 ({RR} 8. e3 Ne7 9. Bd3 Bf5 10. Nge2 Nd7 11. O-O O-O 12. Rb1 a5 13. Nf4 Rfe8 14. a3 Bxd3 15. Nxd3 Nf5 {½-½ (15) Vetokhin,S (2354)-Bogosavljevic,B (2513) Bijeljina BIH 2023}) ({RR} 8. e3 Ne7 9. Bd3 Bf5 10. Nge2 Nd7 11. O-O O-O 12. Rb1 a5 13. Nf4 Rfe8 14. a3 Bxd3 15. Nxd3 Nf5 {½-½ (15) Vetokhin,S (2354)-Bogosavljevic,B (2513) Bijeljina BIH 2023}) 8... Qe7 9. e3 Bf5 10. Nf3 Nf6 11. Nh4 Bg6 12. Nxg6 hxg6 13. Bd3 O-O 14. O-O-O Rc8 15. Kb1 b5 16. g3 Nbd7 17. Rhe1 Qd6 18. e4 dxe4 19. Nxe4 Nxe4 20. Bxe4 Nb6 21. h4 Re8 22. Qc3 Re6 23. Qc5 Rae8 24. Qxb6 Rxe4 25. Rxe4 Rxe4 26. d5 Re2 27. Qxc6 Qe5 28. Qc8+ Kh7 29. Qc3 Qf5+ 30. Ka1 Rxf2 31. d6 Qg4 32. Qc1 Qd7 33. a3 Rf6 34. Qc7 Qxc7 35. dxc7 Rc6 36. Rd7 f5 37. Ka2 a5 38. b3 b4 39. a4 Rc2+ 40. Kb1 Rc5 41. Kb2 Rc6 42. Rd5 Rxc7 43. Rxa5 Re7 44. Rb5 Re2+ 45. Kc1 Re3 46. Rxb4 Rxg3 47. a5 Rg1+ 48. Kb2 Rg2+ 49. Ka3 Rg1 50. Ra4 Rd1 51. a6 Rd8 52. a7 Ra8 53. Kb4 f4 54. Kb5 f3 55. Kb6 g5 56. hxg5 Kg6 57. Rf4 Kxg5 58. Rxf3 Re8 59. Rc3 Re6+ 60. Kb7 1-0

[Event "Chess.com Open PlayIn4"]
[Site "chess.com INT"]
[Date "2026.03.25"]
[Round "1"]
[White "Grandelius, N."]
[Black "Nihal, Sarin"]
[Result "0-1"]
[WhiteElo "2666"]
[BlackElo "2716"]
[PlyCount "92"]
[EventDate "2026.03.25"]

1. d4 d5 2. c4 e6 3. Nc3 Be7 4. Bf4 Nf6 5. e3 O-O 6. a3 b6 7. cxd5 Nxd5 8. Nxd5 Qxd5 ({RR} 8... exd5 9. Bd3 c5 10. Nf3 Nc6 11. O-O Be6 12. Bb5 Na5 13. dxc5 bxc5 14. b4 Qb6 15. Qa4 a6 16. Bd3 cxb4 17. Nd4 b3 18. Rab1 Qc5 19. Nxe6 fxe6 20. Qd7 Rf6 21. Be5 Rd8 22. Qa4 Rf7 23. Qg4 {Nakamura,H (2787)-Caruana,F (2795) Saint Louis 2016 1-0 (34)}) ({RR} 8... exd5 9. Bd3 c5 10. dxc5 bxc5 11. Nf3 Bb7 12. O-O h6 13. Rc1 Nd7 14. Bb1 Nf6 15. Ne5 Bd6 16. Nd3 Bxf4 17. Nxf4 Qb6 18. Qd2 a5 19. Rfd1 Rfd8 20. Ba2 Rac8 21. Qc2 d4 22. Bc4 dxe3 23. fxe3 {Kazakouski,V (2587)-Krysztofiak,M (2391) Warsaw POL 2026 ½-½ (51)}) 9. Ne2 $146 ({RR} 9. Be2 Bb7 10. Bf3 Qa5+ 11. Qd2 Qxd2+ 12. Kxd2 Bxf3 13. Nxf3 c5 14. dxc5 Rd8+ 15. Ke2 bxc5 16. Rac1 Nc6 17. b4 f6 18. Rc4 e5 19. Bg3 Rab8 20. Rhc1 a5 21. bxc5 Rb2+ 22. R1c2 Rxc2+ 23. Rxc2 Rd5 {Meskovs,N (2550)-Pourramezanali,A (2486) Teheran 2019 ½-½ (41)}) ({RR} 9. Be2 Bb7 10. Nf3 c5 11. dxc5 Qxc5 12. O-O Rd8 13. Qb1 Nc6 14. Rc1 Qf5 15. Qxf5 exf5 16. Rc2 Bf6 17. Bg5 Bxg5 18. Nxg5 Ne5 19. Rac1 Rd7 20. h4 Rad8 21. f3 Re7 22. Kf2 Rde8 23. Rc7 h6 {Ivanchuk,V (2726)-Fridman,D (2649) Berlin 2015 1-0 (50)}) 9... Bb7 10. Nc3 Qd8 11. Bd3 Bd6 12. Bxd6 cxd6 13. O-O Nd7 14. Be4 Bxe4 15. Nxe4 d5 16. Nc3 a6 17. Rc1 b5 18. Ne2 Nb6 19. Nf4 Nc4 20. Nd3 a5 21. a4 bxa4 22. Qxa4 Qe8 23. Ra1 Rb8 24. Rfb1 Qxa4 25. Rxa4 Rb5 26. b4 Rfb8 27. Rba1 axb4 28. Rxb4 Rxb4 29. Nxb4 g5 30. Nd3 Kg7 31. h3 h5 32. g4 h4 33. Nc5 Kg6 34. Kg2 Rb2 35. Kf3 Rc2 36. Ra8 e5 37. Rg8+ Kh6 38. Nd7 e4+ 39. Kg2 Nxe3+ 40. Kg1 Nd1 41. Nf6 Nxf2 42. Nxd5 Nxh3+ 43. Kf1 Rf2+ 44. Ke1 Rf3 45. Ne7 Kh7 46. Rf8 Nf2 0-1

[Event "Titled Tue 12th May 2026"]
[Site "chess.com INT"]
[Date "2026.05.12"]
[Round "6"]
[White "Andreikin, D."]
[Black "Nakamura, Hi"]
[Result "1/2-1/2"]
[WhiteElo "2710"]
[BlackElo "2792"]
[PlyCount "139"]
[EventDate "2026.05.12"]

1. d4 d5 2. c4 e6 3. Nc3 h6 4. Nf3 Nf6 5. cxd5 exd5 6. Bf4 c6 7. Qc2 Bd6 8. Bxd6 Qxd6 9. e3 O-O 10. Bd3 Re8 11. O-O Nbd7 12. a3 ({RR} 12. Rab1 a6 13. b4 Nb6 14. Ne5 Be6 15. a4 Rec8 16. Rfc1 Ng4 17. Nxg4 Bxg4 18. f3 Be6 19. Qf2 Rd8 20. Rd1 Nd7 21. e4 a5 22. e5 Qe7 23. bxa5 Rdb8 24. f4 f5 25. g4 Qf7 26. h3 Rxa5 {Mangudi,A (1841)-Perez Gormaz,M (2394) chess.com INT 2026 1-0 (49)}) 12... Qe7 13. b4 $146 ({RR} 13. Nd2 b6 14. b4 a5 15. Qb3 axb4 16. axb4 Bb7 17. Rfe1 Qd6 18. Nf1 Nf8 19. Ng3 Ne6 20. Nf5 Qc7 21. Rec1 g6 22. Ng3 Kg7 {½-½ (23) Eisenbeis,N (2164)-Juscamayta Zuegel,T (1860) Bad Woerishofen 2000}) 13... a6 14. Rfc1 Ne4 15. Rab1 Nd6 16. Na4 b5 17. Nc5 Nc4 18. Nxd7 Bxd7 19. Ra1 Bg4 20. Ne5 Bd7 21. Qc3 Nxe5 22. dxe5 Qxe5 23. Qxe5 Rxe5 24. a4 Ree8 25. Kf1 Kf8 26. Ke2 Ke7 27. Kd2 Kd6 28. Kc3 Reb8 29. axb5 axb5 30. Bc2 c5 31. bxc5+ Kxc5 32. Bb3 b4+ 33. Kd3+ Kd6 34. Kd4 Be6 35. Rxa8 Rxa8 36. Rb1 Ra3 37. f3 g5 38. g4 f6 39. h3 f5 40. gxf5 Bxf5 41. Rb2 Ra1 42. e4 dxe4 43. fxe4 Bxh3 44. Rf2 Ra3 45. e5+ Ke7 46. Rf7+ Ke8 47. Bd5 Bg2 48. Bc4 b3 49. Kc3 b2+ 50. Kxb2 Re3 51. e6 Re5 52. Kc3 Bd5 53. Bb5+ Kd8 54. Rd7+ Kc8 55. e7 Bf7 56. Rd8+ Kc7 57. Rh8 Rxe7 58. Rxh6 Re5 59. Rh7 Rxb5 60. Rxf7+ Kd6 61. Kd4 Ke6 62. Rf8 Rf5 63. Re8+ Kf6 64. Ke3 Ra5 65. Kf3 Kf5 66. Rf8+ Kg6 67. Rg8+ Kf5 68. Rf8+ Kg6 69. Rg8+ Kf5 70. Rf8+ 1/2-1/2

[Event "FIDE Candidates 2026"]
[Site "Pegeia CYP"]
[Date "2026.04.09"]
[Round "10.2"]
[White "Giri, A."]
[Black "Nakamura, Hi"]
[Result "1/2-1/2"]
[WhiteElo "2753"]
[BlackElo "2810"]
[PlyCount "72"]
[EventDate "2026.03.29"]

1. c4 e6 2. Nc3 d5 3. d4 h6 4. cxd5 exd5 5. Bf4 c6 6. e3 Bd6 ({RR} 6... Bf5 7. Bd3 Bxd3 8. Qxd3 Nf6 9. Nge2 Nbd7 10. O-O Be7 11. Ng3 O-O 12. f3 c5 13. Nf5 Re8 14. Rad1 Bf8 15. Nb5 Nh5 16. Bd6 Qb6 17. Bxf8 Rxf8 18. Ne7+ Kh8 19. Nxd5 Qc6 20. Nbc3 Rad8 21. e4 {Giri,A (2764)-Nihal,S (2670) chess.com INT 2022 1-0 (64)}) 7. Nge2 $146 ({RR} 7. Bg3 Nf6 8. Bd3 O-O 9. Nge2 Re8 10. O-O Bg4 11. f3 Bxg3 12. Nxg3 Be6 13. Kh1 Nbd7 14. Rc1 c5 15. Bb5 a6 16. Bxd7 Nxd7 17. dxc5 Nxc5 18. Nge2 Qd6 19. Nf4 Rad8 20. Qd4 Bf5 21. Rfd1 Ne6 {Samdanov,S (2294)-Perez Gormaz,M (2406) chess.com INT 2025 ½-½ (97)}) ({RR} 7. Qf3 Nf6 8. Bd3 O-O 9. h3 Re8 10. Nge2 a5 11. g4 Bxf4 12. Qxf4 Na6 13. Rg1 Nc7 14. h4 Ne6 15. Qg3 c5 16. O-O-O cxd4 17. exd4 b5 18. g5 b4 19. gxf6 bxc3 20. Nxc3 Qxf6 21. Nxd5 Qd8 {Caruana,F (2792)-Nihal,S (2723) Hong Kong HKG 2026 1-0 (33)}) ({RR} 7. Bxd6 Qxd6 8. Bd3 Ne7 9. Qc2 Qf6 10. Nge2 Bf5 11. Bxf5 Qxf5 12. Qb3 Qd7 13. e4 dxe4 14. Nxe4 Na6 15. Qxb7 Qxb7 16. Nd6+ Kd7 17. Nxb7 Rhb8 18. Nc5+ Nxc5 19. dxc5 Rb5 20. O-O-O+ Nd5 21. Nd4 Rxc5+ {Aditya,M (2610)-Liyanage,R (2402) Budapest HUN 2026 1-0 (69)}) ({RR} 7. Bxd6 Qxd6 8. Nf3 Bf5 9. Bd3 Bxd3 10. Qxd3 Nf6 11. O-O O-O 12. Rac1 Re8 13. h3 Nbd7 14. a3 a5 15. Rfe1 g6 16. Nd2 Re6 17. e4 dxe4 18. Ndxe4 Qe7 19. Nxf6+ Nxf6 20. Rxe6 Qxe6 21. Rd1 Rd8 {Dubnevych,M (2293)-Svane,R (2627) chess.com INT 2024 0-1 (62)}) 7... Na6 8. Bxd6 Qxd6 9. Ng3 Nc7 10. Bd3 Nf6 11. h3 Bd7 12. Qb3 b6 13. O-O O-O 14. Rad1 Rfe8 15. Rfe1 Rad8 16. Bb1 Ne6 17. e4 dxe4 18. Ncxe4 Nxe4 19. Nxe4 Qb8 20. Qc2 Nf8 21. Re3 Kh8 22. a3 Re7 23. Nc5 Rxe3 24. Nxd7 Rxd7 25. fxe3 c5 26. dxc5 Rxd1+ 27. Qxd1 bxc5 28. Ba2 Qxb2 29. Bxf7 Qxa3 30. Qd6 Qxe3+ 31. Kh2 Nd7 32. Qxd7 Qe5+ 33. Kh1 Qe1+ 34. Kh2 Qe5+ 35. Kh1 Qe1+ 36. Kh2 Qe5+ 1/2-1/2

[Event "FIDE Candidates 2026"]
[Site "Pegeia CYP"]
[Date "2026.04.11"]
[Round "11.2"]
[White "Giri, A."]
[Black "Esipenko, Andrey"]
[Result "1/2-1/2"]
[WhiteElo "2753"]
[BlackElo "2698"]
[PlyCount "85"]
[EventDate "2026.03.29"]

1. d4 d5 2. c4 e6 3. Nc3 Be7 4. cxd5 exd5 5. Bf4 Nf6 6. e3 O-O 7. Nf3 c5 8. dxc5 Bxc5 9. Be2 Nc6 10. O-O Be6 11. Qa4 ({RR} 11. Ne5 Bd6 12. Nxc6 bxc6 13. Qa4 Bxf4 14. Qxf4 c5 15. b3 Qa5 16. Rac1 Rac8 17. Qa4 Qxa4 18. Nxa4 c4 19. bxc4 dxc4 20. Rfd1 Rfd8 21. Rxd8+ Rxd8 22. Nc5 Bd5 23. f3 Rc8 24. Na4 Be6 25. e4 Nd7 {Mikhalchishin,A (2535)-Beliavsky,A (2620) Moscow 1981 1-0 (37)}) ({RR} 11. Nb5 Rc8 12. Rc1 Qe7 13. Nfd4 h6 14. Nb3 Bb4 15. a3 a6 16. axb4 axb5 17. Nd4 Qxb4 18. Nxb5 Rfd8 19. Nd4 Nxd4 20. Qxd4 Qxd4 21. exd4 Rxc1 22. Rxc1 Rc8 23. Rxc8+ Bxc8 24. Bd6 Bd7 25. f3 Ne8 {Grigoryan,K (2481)-Adly,A (2589) Goa IND 2025 ½-½ (71)}) 11... h6 $146 ({RR} 11... Qb6 12. Qc2 Be7 13. Rad1 Rac8 14. Qb1 Bb4 15. Nb5 Ne4 16. Ng5 Nxg5 17. Bxg5 h6 18. Bf4 Rfd8 19. a3 Be7 20. Nd4 Nxd4 21. exd4 Bf6 22. Be3 Bd7 23. Rfe1 Ba4 24. Rd2 Rc6 25. g3 Bb5 26. Bf3 {Budde,V (2335)-Kavalek,L (2590) Germany 1982 ½-½ (53)}) ({RR} 11... Qb6 12. Nb5 Rac8 13. b4 Nxb4 14. Rab1 Bd7 15. a3 Na6 16. Ne5 Be8 17. Rfc1 Nc7 18. Qxa7 Bxb5 {0-1 (18) Kos,E (2220)-Magamedov,M Bela Crkva 1989}) 12. Rfd1 Qb6 13. Qb5 a6 14. Qxb6 Bxb6 15. Na4 Ba7 16. Bd6 Rfc8 17. Bc5 Bxc5 18. Nxc5 Ne5 19. Rac1 Ned7 20. Nd3 Kf8 21. Nd4 Ke7 22. f3 Ne8 23. Kf2 Nd6 24. g4 g5 25. h4 Nc4 26. Rh1 Nce5 27. Nxe5 Nxe5 28. Rcd1 Rh8 29. Kg3 Nc6 30. Nxe6 fxe6 31. f4 Rag8 32. fxg5 hxg5 33. hxg5 Ne5 34. Rxh8 Rxh8 35. e4 dxe4 36. Rd4 Rg8 37. Rb4 b5 38. Rxe4 Rxg5 39. a4 Nf7 40. axb5 axb5 41. Rd4 Nd6 42. Kf2 Rc5 43. Ke3 1/2-1/2